000 00609nam a22001937a 4500
999 _c171824
_d171824
005 20200121143917.0
010 _aB-29175
020 _c120.00
035 _aB-29175
037 _bBPPD/Pub.
082 _a370.19
100 _aمحمد اکرام خاں
245 _aتعلیم و تربیت اور زندگی /
_cمحمد اکرام خاں
246 _aTaleem-o-Tarbiyat Aur Zindagi (Urdu) /
_bby Mohammad Ikram Khan
260 _aNew Delhi
_bMaktaba Jamia
_c1999 ء
270 _bNew Delhi
_aJamia Nagar
_e110025
300 _a147p.
_c22cm(Hb)
942 _2ddc
_cUR
_h370.19
_mم ح م